000
00327nam a2200145Ia 4500
008
150201s2004 xx 000 0 und d
082
_a
617.3
_b
I04T
100
_a
TANNA ,DD
245
_a
INTERLOCKING NAILING
250
_a
2ND
260
_b
JAYPEE
_a
INDIA
_c
2004
300
_a
1-232
650
_a
ORTHOPEDICS
942
_2
ddc
_c
BK
999
_c
1513
_d
1513